02774nam a2200301 a 450000100190000000500170001900800410003601500160007702000150009303500250010804000260013304100080015905000270016708000140019410000500020824500450025826000290030330000230033249000590035552009760041452008570139065000360224765000330228365500400231694200080235695200930236499900150245799102866488970670620250321175920.0080117s1994 spc|||||| 000 f|spa  aLL20082bnc a8447306860 a(ES-BaCBU).b32282047 aES-BaBCbcatcES-BaBC aspa aPQ6666.E765 bC58 1993 a860-3"19" aPérez-Reverte, Arturod1951-912219eauthor13aEl club Dumasc/ Arturo Pérez-Reverte. aBarcelona :bRBA,c1994. a317 pages ;c20 cm aObras maestras de la literatura contemporánea ;v11. aLucas Corso es un detective de libros, un mercenario contratado para buscar ediciones raras para clientes adinerados y sin escrúpulos. Cuando un conocido bibliófilo aparece ahorcado, dejando tras de sí parte del manuscrito original de Los tres mosqueteros de Alexandre Dumas, Corso es convocado para autenticar el fragmento. Pronto se ve envuelto en una trama turbulenta que involucra culto al diablo, prácticas ocultistas y aventuras al estilo de capa y espada, entre un elenco de personajes que guardan una sospechosa semejanza con los de la obra maestra de Dumas. Con la ayuda de una misteriosa belleza que lleva el nombre de una heroína de Conan Doyle, Corso viaja de Madrid a Toledo y luego a París, en busca de un asesino siniestro y aparentemente omnisciente. Parte misterio, parte rompecabezas, parte ingenioso juego intertextual, El club Dumas es un thriller intelectual completamente original del autor de La tabla de Flandes y La piel del tambor. aLucas Corso is a book detective, a mercenary hired to hunt down rare editions for wealthy and unscrupulous clients. When a well-known bibliophile is found hanged, leaving behind part of the original manuscript of Alexandre Dumas's The Three Musketeers, Corso is brought in to authenticate the fragment. He is soon drawn into a swirling plot involving devil worship, occult practices, and swashbuckling derring-do among a cast of characters bearing a suspicious resemblance to those of Dumas's masterpiece. Aided by a mysterious beauty named after a Conan Doyle heroine, Corso travels from Madrid to Toledo to Paris in pursuit of a sinister and seemingly omniscient killer. Part mystery, part puzzle, part witty intertextual game, The Club Dumas is a wholly original intellectual thriller by the author of The Flanders Panel and The Seville Communion.  0aBook collectorsvFiction924989 0aAntiquariansvFiction924990 0aAction and adventure fiction922721 2lcc 00102lcc4070aTBSbTBSd2025-03-21l0oP-SP PERpB02740r2025-03-21t1w2025-03-21y1 c4565d4565